Music Quiz

Random Music or Lyrics Quiz

'Glory Days' Lyrics Quiz Stats

 Plays Quiz not verified by Sporcle

Challenge
Share
Tweet
Embed
Score 0/228 Timer 08:00
0 Plays Today
% Correct
[CHORUS]
99.9%
[CHORUS]
99.9%
[CHORUS]
99.9%
a
98.9%
a
98.9%
a
98.9%
a
98.9%
a
98.9%
a
98.9%
a
98.9%
a
98.9%
a
98.9%
I
98.1%
I
98.1%
I
98.1%
I
98.1%
I
98.1%
I
98.1%
I
98.1%
I
98.1%
I
98.1%
Glory
97.6%
Glory
97.6%
Glory
97.6%
Glory
97.6%
glory
97.6%
glory
97.6%
days,
97.5%
days.
97.5%
days,
97.5%
days.
97.5%
days.
97.5%
the
96.7%
the
96.7%
the
96.7%
the
96.7%
the
96.7%
the
96.7%
the
96.7%
in
96.7%
in,
96.7%
In
96.7%
in
96.7%
you.
96.4%
you
96.4%
you
96.4%
you
96.4%
He
94.6%
he
94.6%
he
94.6%
by
94.2%
by
94.2%
by
94.2%
by
94.2%
We
92.8%
We
92.8%
was
92.7%
was
92.7%
was
92.7%
was
92.7%
back
92%
back
92%
back
92%
back
92%
school.
91.5%
school
91.5%
high
91.1%
of
90.2%
of
90.2%
of,
90.2%
of
90.2%
they
90.1%
girl
90.1%
all
89.6%
all
89.6%
about
89.3%
% Correct
about
89.3%
about
89.3%
about
89.3%
could
89.2%
could
89.2%
had
89.2%
had
89.2%
pass
88.9%
young
88.7%
that
87.8%
that
87.8%
she
87.5%
she
87.5%
she
87.5%
she
87.5%
she
87.5%
like
87.2%
like
87.2%
boy.
87.1%
and
86.7%
and
86.7%
and
86.7%
And
86.7%
and
86.7%
eye,
86.4%
to
86.3%
to
86.3%
to
86.3%
to
86.3%
baseball
86.1%
talking
85.7%
talking
85.7%
player
85.3%
drink
84.7%
friend
84.7%
girl's
84.4%
out.
84.2%
but
83.3%
but
83.3%
but
83.3%
throw
82.9%
look
82.8%
Make
82.6%
well,
82.4%
Well,
82.4%
well
82.4%
well
82.4%
well,
82.4%
fool,
82.4%
few
81.8%
few
81.8%
down,
81.6%
down
81.6%
boy's
81.3%
went
81%
walking
81%
walking
81%
bar.
80.8%
drinks,
80.6%
drinks
80.6%
it,
79.9%
her
79.6%
Her
79.6%
her
79.6%
up
78.7%
up.
78.7%
kept
78.5%
they'll
78.2%
night
77.8%
turn
77.5%
heads.
77.1%
at
76.7%
old
76.2%
old
76.2%
big
75.9%
speedball
75.8%
% Correct
years
75.8%
sat
75.5%
other
75.4%
now.
75.3%
Now
75.3%
gone
75.3%
think
75.3%
wink
74.8%
when
74.8%
when
74.8%
(the) time
74.1%
him
73.4%
it's
73.2%
Saw
72.6%
inside
71.9%
get
71.6%
get
71.6%
my
71.1%
kids
71%
split
71%
will.
70.7%
husband
70.7%
guess
69.6%
have
69.2%
sit
68.7%
sit
68.7%
bed.
68.3%
just
68.1%
just
68.1%
put
67.8%
two
67.8%
times,
67.5%
this
67.5%
thinking
66.9%
thinking
66.9%
around
66.3%
around
66.3%
roadside
66%
Bobby
65.8%
probably
65.8%
on
65.5%
after
64.4%
fill.
64%
I'm
63.9%
I'm
63.9%
going
63.9%
going
63.9%
stop
63.2%
block
62.5%
there's
62.1%
till
59.2%
starts
58.9%
lives
58.3%
laughing
58.1%
tonight,
57.7%
don't
57.7%
crying
57.5%
I'll
56.9%
feels
56.9%
says
56.3%
hope
55.3%
little
53.3%
Sometimes
52.4%
Friday
51.4%
with
49.9%
stories
48.9%
trying
47.4%
nothing,
46.7%
recapture
46.3%
boring
45.9%
leaves
44.7%
mister,
44.4%
Yeah,
43.8%
sitting
41.3%
away
41.2%
slips
39.3%

You're not logged in!

Compare scores with friends on all Sporcle quizzes.
Join for Free
OR
Log In

You Might Also Like...

Show Comments

Extras

Top Quizzes Today


Score Distribution

Your Account Isn't Verified!

In order to create a playlist on Sporcle, you need to verify the email address you used during registration. Go to your Sporcle Settings to finish the process.

Report this User

Report this user for behavior that violates our Community Guidelines.

Details: